000 00274nam a22001097a 4500
005 20251009112817.0
008 251009b |||||||| |||| 00| 0 eng d
040 _cPK-LaNCA
082 _a712.21
_bLAN
245 _aLandscape design 1: residence completed works
942 _cBK
999 _c66937
_d66937